MDQL
is popping MORE tags! Check the
thread
!
Quizzes
Events
Quiz Creation
Community
Videos
Private Events
Remove Ads
Sign In
Join for FREE
Feedback
Dark Mode
Quiz Categories
Sports
Geography
Music
Movies
Television
Just For Fun
Miscellaneous
History
Literature
Language
Science
Gaming
Entertainment
Religion
Holiday
For Kids
Quiz Lab
Recent
Popular Today
Quiz Kudos Today
Editor Picks
Curator Picks
Quizzes by...
Day
Popularity
Type
Ratings
Length
Year
Community
Subscriptions
Recent Discussions
Orange Saloon
Badges
Playlists
Quests
Create
Leaderboards
Showdown
Live 5
Trivia Bingo
Activity
Puzzle Library
Sporcle Events
Private Events
Virtual Trivia
Globe League
Become a Host
Pub Owners
SporcleCon
Opinionation
Our Games
Videos
Blog
Mobile Apps
Partnerships
Remove Ads and Go Orange
Feedback
Music
Pop Music
The Beatles
Song
Album
Lyrics
Bands
Singers
Artist
Clip
Rock
Rap
Classical
Billboard
Country Music
Kpop
Taylor Swift
Music
Pop Music
The Beatles
Song
Album
Lyrics
Bands
Singers
Artist
Clip
Rock
Rap
Classical
Billboard
Country Music
Kpop
Taylor Swift
Random Quiz
Search Sporcle
×
Quiz Lab
Quiz Lab
Music
Song
Type in answers that appear in a list
Type in answers that appear in a list
Classic
Best Score? Go Orange.
Feist Songs Stats
Can you name the songs from Feist's albums?
By
Leaf97
12m
68 Questions
52 Plays
52 Plays
52 Plays
Comments
Comments
Give Quiz Kudos
Give Quiz Kudos
-
- Ratings
hide this ad
Replay
Link that replays current quiz
Next Quiz
Link to next quiz in quiz playlist
You Got
0%
They Got
Avg Score
33%
Avg Friend Score
Upgrade to see
Score Distribution
Jump to the score distribution portion of the page
Score
0/68
Timer
12:00
0
Plays Today
Album
Song
% Correct
Pleasure
Pleasure
96%
Let It Die
Let It Die
84.6%
The Reminder
1234
82.7%
Monarch (Lay Your Jewelled Head Down)
Monarch
69.2%
Let It Die
Mushaboom
67.3%
The Reminder
So Sorry
67.3%
The Reminder
My Moon My Man
65.4%
The Reminder
The Park
63.5%
The Reminder
The Water
61.5%
The Reminder
Honey Honey
61.5%
The Reminder
I Feel It All
59.6%
The Reminder
Brandy Alexander
59.6%
The Reminder
How My Heart Behaves
59.6%
The Reminder
Sealion
55.8%
Metals
Graveyard
55.8%
Let It Die
Inside and Out
53.8%
Metals
How Come You Never Go There
51.9%
The Reminder
The Limit to Your Love
50%
Multitudes
In Lightning
50%
Multitudes
Love Who We Are Meant To
50%
Multitudes
The Redwing
50%
Multitudes
Borrow Trouble
50%
Multitudes
Calling All the Gods
50%
The Reminder
Past in Present
48.1%
Metals
The Bad in Each Other
48.1%
Let It Die
Gatekeeper
46.2%
Let It Die
Now at Last
44.2%
The Reminder
Intuition
44.2%
Metals
A Commotion
44.2%
Let It Die
When I Was a Young Girl
42.3%
Metals
The Circle Married the Line
42.3%
Metals
Bittersweet Melodies
42.3%
Monarch (Lay Your Jewelled Head Down)
It's Cool to Love Your Family
40.4%
Let It Die
One Evening
40.4%
Album
Song
% Correct
Let It Die
Secret Heart
40.4%
Metals
Cicadas and Gulls
40.4%
Metals
Caught a Long Wind
38.5%
Metals
Comfort Me
38.5%
Monarch (Lay Your Jewelled Head Down)
Flight #303
36.5%
Monarch (Lay Your Jewelled Head Down)
The Mast
36.5%
Let It Die
Leisure Suite
36.5%
Let It Die
Lonely Lonely
36.5%
Metals
Get it Wrong Get it Right
36.5%
Metals
Anti-Pioneer
34.6%
Metals
Undiscovered First
34.6%
Pleasure
I Wish I Didn't Miss You
32%
Pleasure
Any Party
32%
Pleasure
Century
32%
Monarch (Lay Your Jewelled Head Down)
Still True
30.8%
Monarch (Lay Your Jewelled Head Down)
New Torch
30.8%
Monarch (Lay Your Jewelled Head Down)
La Sirena
28.8%
Monarch (Lay Your Jewelled Head Down)
That's What I Say, It's Not What I Mean
28.8%
Monarch (Lay Your Jewelled Head Down)
The Onliest
26.9%
Monarch (Lay Your Jewelled Head Down)
One Year A.D.
26.9%
Pleasure
Young Up
24%
Pleasure
The Wind
20%
Pleasure
Lost Dreams
16%
Pleasure
A Man Is Not His Song
16%
Pleasure
Baby Be Simple
16%
Pleasure
Get Not High, Get Not Low
12%
Pleasure
I'm Not Running Away
8%
Multitudes
Forever Before
0%
Multitudes
Hiding Out in the Open
0%
Multitudes
I Took All of My Rings Off
0%
Multitudes
Of Womankind
0%
Multitudes
Become the Earth
0%
Multitudes
Martyr Moves
0%
Multitudes
Song for Sad Friends
0%
Quiz Playlist
Details
Report
Send in Message
Add To Playlist
Classic:
Type in answers that appear in a list
Last Updated: Apr 13, 2023
Quiz Scoreboard
CHALLENGE
Sign Up to Join the Scoreboard
Show All
Scores
Hide
Comments
May contain spoilers
Recently Published
Image Sorting: Flags VI
by Barbecue
Geography
2m
Find the 'City' Movie
by crazypaving
Movies
60s
Colored Red Africa Blitz
by spor1
Geography
45s
More to Explore
Quiz From the Vault
Featured Blog Post
14 Easter Pick-up Lines to Find Eggs With
hide this ad
You Might Also Like...
Tags
Album Quiz
Song Quiz
feist
Today's Top Quizzes in Music
Browse Music
hide this ad
Today's Top Quizzes in Song
Browse Song
Top Contributed Quizzes in Music
1
5X2 Blitz: Bands II
2
5X2 Blitz: The Beatles
3
Taylor Swift All Songs (2024)
4
5X2 Blitz: Billboard
5
5X2 Blitz: Billboard II
6
5X2 Blitz: Album
7
5X2 Blitz: Rock
8
5X2 Blitz: Singers
9
Taylor Swift Logic Puzzle II
10
5X2 Blitz: Lyrics
Explore More
Trending Topics
NBA
Harry Potter
Marvel
Disney
Crossword
Anime
Kpop
Song
Soccer
Country
Puzzle
The Office
Pokémon
WWE
NFL
hide this ad
More By:
Leaf97
Quiz
Plays
Rating
Category
Featured
Created
2000s Billboard Alternative #1s Intros (Clips)
4,560
4.84
Music
Jan 12, 2020
2010s Billboard Alternative #1s Intros (Clips)
1,953
5.00
Music
Jan 12, 2020
1990s Billboard Alternative #1s Intros II (Clips)
1,914
4.59
Music
Feb 19, 2020
2000s Billboard Alternative #1s Intros II (Clips)
1,528
5.00
Music
Feb 27, 2020
1990s Billboard Alternative #1s Intros (Clips)
1,500
4.94
Music
Jan 13, 2020
Go to Creator's Profile
Score Distribution
Quiz Creator Spotlight
Leaf97
Follow
Send a Message
Quizzes Created
-
Created Quiz Play Count
-
More By This Creator
Popular Quizzes Today
1
Colored Red Africa Blitz
2
Find the US States - No Outlines Minefield
3
Find the 'City' Movie
4
5x2 Blitz: Bands
5
The Countries of the World
6
Find the US States
7
Find the Countries of Europe - No Outlines Minefield
8
US States
More Music Quizzes
Girls Names as Song Titles
Quiz Lab
Trending Quizzes
Colored Red Europe Blitz I
Colored Red Europe Blitz II
Colored Red Africa Blitz II
Colored Red Europe Blitz III
Colored Red Africa Blitz III
Recently Updated
How Do You Spell That?
pecheneg
Godzilla Movies
pecheneg
Grab Bag: 4-10 Letters
pecheneg
2024 March Madness Bracket
pecheneg
Famous TV Couples
Peacemaker
Champions League XIs: Real Madrid
pecheneg
Largest US Cities 1790-2010
pecheneg
Rides in Walt Disney World
pecheneg
Most Oscar Losses (Acting)
pecheneg
Beyoncé Albums
pecheneg
Trending Topics
NBA
Crossword
Harry Potter
Kpop
Marvel
Disney
Anime
Puzzle
Country
Soccer
The Office
NFL
Pokémon
WWE
Song
Your Account Isn't Verified!
In order to create a playlist on Sporcle, you need to verify the email address you used during registration. Go to your
Sporcle Settings
to finish the process.
Report this User
Report this user for behavior that violates our
Community Guidelines
.
Details:
Send Report
Go to the Sporcle.com Mobile Site →
Comments